| 000 | 01213nam a2200277 a 4500 | ||
|---|---|---|---|
| 001 | 28668 | ||
| 003 | BD-RjUL | ||
| 005 | 20211209051319.0 | ||
| 008 | 140331s1966 enk 001 0 eng d | ||
| 035 | _a(BD-RjUL)28750 | ||
| 040 |
_aDLC _cTLM _dm.c _dSER _dBD-RjUL _beng |
||
| 041 | _aeng | ||
| 082 |
_a968.050924 _bSMS V-3 1966 |
||
| 100 |
_aSmuts, Jan Christiaan, 1870-1950. _985981 |
||
| 245 | 1 | 0 |
_aSelections from the Smuts papers / _cJan Christiaan Smuts ; edited by W. K. Hancock and Jean van der Poel. _nVOLUME III: _pJUNE 1910-NOVEMBER 1918 |
| 260 |
_aCambridge : _bCambridge University Press, _cc1966 |
||
| 300 |
_av ,688 p. : _c26 cm |
||
| 504 | _aIncludes bibliographical notes and index | ||
| 505 | 0 | _aContents: v. 1. June 1886-May 1902 - v. 2. June 1902-May 1910 - v. 3. June 1910-November 1918 - v. 4. November 1918-August 1919 - v. 5. September 1919-November 1934 - v. 6. December 1934-August 1945 - v. 7. August 1945-October 1950. Biographical notes and index | |
| 651 | 0 |
_aSouth Africa _xHistory. _9542 |
|
| 700 | 1 |
_aHancock, W. K. _q(William Keith),ed. _d1898-1988. _976703 |
|
| 700 | 1 |
_aVan der Poel, Jean, ed. _985983 |
|
| 942 |
_2ddc _cBK |
||
| 999 |
_c28668 _d28668 |
||